Sommets des massifs alpins - Statistiques

Statistiques générales
  • Ce quiz a été pris 477 fois
  • Le résultat moyen est 8 sur 39
Statistiques - réponses
Massif Altitude Sommet % Correct
Mont-Blanc 4809 m Mont-Blanc
99%
Écrins 4101 m Barre des Écrins
71%
Grand Paradis 4061 m Grand Paradis
52%
Vanoise 3855 m Grande Casse
46%
Monts de Vaucluse 1912 m Mont Ventoux
43%
Arves 3514 m Aiguilles d'Arves
33%
Alpes Cottiennes 3841 m Mont Viso
29%
Chartreuse 2082 m Chamechaude
28%
Aravis 2750 m Pointe Percée
28%
Belledonne 2977 m Grand pic de Belledonne
25%
Vercors 2341 m Grand Veymont
25%
Taillefer 2857 m Taillefer
24%
Pelat 3051 m Mont Pelat
23%
Lauzière 2829 m Grand pic de la Lauzière
21%
Bauges 2217 m Arcalod
18%
Dévoluy 2789 m Grande tête de l'Obiou
18%
Chambeyron 3412 m Aiguille de Chambeyron
17%
Cerces 3229 m Grand Galibier
15%
Mercantour-Argentera 3297 m Mont Argentera
15%
Aiguilles rouges 2965 m Aiguille du Belvédère
11%
Chablais 2466 m Hauts-Forts
10%
Luberon 1125 m Mourre Nègre
10%
Grandes Rousses 3465 m Pic Bayle
10%
Queyras 3320 m Pic de Rochebrune
10%
Alpes grées 3752 m Pointe de Charbonnel
10%
Mont-Cenis 3612 m Pointe de Ronce
10%
Bornes 2438 m Pointe Blanche
9%
Giffre 3257 m Haute Cime
8%
Escreins 3385 m Pics de la Font Sancte
8%
Beaufortain 2995 m Roignais
8%
Trois-Évêchés 2961 m Tête de l'Estrop
6%
Bochaine (Pays de Buëch) 2453 m Rocher Rond
5%
Parpaillon 3046 m Grand Bérard
4%
Diois 2051 m Jocou
4%
Préalpes de Digne 2115 m Les Monges
4%
Préalpes de Nice 2080 m Pointe des Trois Communes
4%
Préalpes de Castellane 1996 m Puy de Rent
4%
Baronnies 1622 m Montagne de Mare
3%
Alpes Ligures 2650 m Pointe Marguareis
3%
Aucun quiz correspondant
Distribution des résultats
% des personnes avec chaque résultat
Percentile par nombre de réponses
Votre historique - résultats
Vous n’avez pas pris ce quiz